00514nam a2200205Ia 4500003000400000005001700004008004100021020002200062040000700084041000800091082002200099100003600121245003000157250000600187260004500193300001700238365001300255650002500268650001500293OSt20230610105408.0210423s2013 xx 000 0 und d a978-0-19-807207-2 cAL aeng a658.15 223bSRIF aSRIVASTAVA (Rajiv);MISRA (Anil) aFinancial Management Ed 2 a2 aNew DelhibOxford University Pressc2013 axiv, 816bPB b695cINR aFinancial Management aManagement